banner-ar

دورة حياة التمساح / (Record no. 60205)

MARC details
000 -الفاتح
حقل البيانات ثابتة الطول 01081nam a22002897a 4500
005 - وقت وتاريخ اخر تعامل مع التسجيلة
رقم الضبط 20240530110358.0
008 - عناصر البيانات ثابتة الطول - معلومات عامة
حقل البيانات ثابتة الطول 150115s2006 ua o a 000 0 ara d
017 ## - رقم الايداع القانونى
رقم الايداع القانونى 2006/19413
المصدر ( الهيئة المختصة) مصر . دار الكتب المصرية
020 ## - الرقم الدولى المعيارى للكتب
الرقم الدولى المعيارى للكتاب 9773041921
040 ## - مصدر الفهرسة
وكالة الفهرسة الأصلية EG-CaGPL
041 0# - رمز اللغة
رمز لغة النص/ المسارات الصوتية أو العنوان الانفرادي ara
082 04 - رقم تصنيف ديوى العشرى
رقم الطبعة 21
رقم التصنيف 502
رقم المادة ط/ ل د
100 1# - المدخل الرئيسى - إسم شخصى
الإسم الشخصى لويلين ، كلير
245 10 - بيان العنوان
العنوان دورة حياة التمساح /
بيان المسئوليه,etc تاليف كلير لويلين ؛ رسوم سيمون مينديث ؛ ترجمة حسن ابو بكر
260 ## - PUBLICATION, DISTRIBUTION, ETC. (IMPRINT)
تاريخ النشر أو التوزيع 2006
300 ## - الوصف المادى
التعداد 23 ص :
تفاصيل ماديه اخرى للوعاء صور لو ؛
أبعاد الوعاء 19 سم
650 04 - المدخل الاضافى بالموضوع-مصطلح موضوعى
مصطلح موضوعي كتب الاطفال
650 04 - المدخل الاضافى بالموضوع-مصطلح موضوعى
مصطلح موضوعي قصص الاطفال
650 04 - المدخل الاضافى بالموضوع-مصطلح موضوعى
مصطلح موضوعي ثقافة الطفل
650 04 - المدخل الاضافى بالموضوع-مصطلح موضوعى
مصطلح موضوعي التماسيح
التقسيم الفرعي العام تربية
650 04 - المدخل الاضافى بالموضوع-مصطلح موضوعى
مصطلح موضوعي الزواحف
650 04 - المدخل الاضافى بالموضوع-مصطلح موضوعى
مصطلح موضوعي الكتب و القراءة
700 1# - المدخل الاضافى - اسم شخصى
الإسم الشخصى مينديث ، سيمون
الدور رسام
700 0# - المدخل الاضافى - اسم شخصى
الإسم الشخصى حسن ابو بكر
الدور مترجم
942 ## - عناصر المدخل الإضافي( كوها)
مصدر التصنيف او مخطط الترفيف Dewey Decimal Classification
Koha [default] item type كتاب
260 ## - PUBLICATION, DISTRIBUTION, ETC. (IMPRINT)
-- القاهرة :
-- دار الياس العصرية للطباعة و النشر ،
Holdings
حالة التراجع حالة الفقد حالة تلف ليس للاعارة المكان المؤقت الموقع الحالى تاريخ الاكتساب اجمالي اﻻعارات رقم الطلب الباركود تاريخ اخر مشاهدة تاريخ تفعيل السعر نوع وعاء كوها
        مكتبة القاهرة الكبرى مكتبة القاهرة الكبرى 01/15/2015   502 ط/ ل د 159207 01/15/2015 01/15/2015 كتاب

Powered By

EGPV